header

Microsoft SharePoint 2010 developers compendium (Record no. 245189)

MARC details
000 -LEADER
fixed length control field 01291nam a2200277 a 4500
245 00 - TITLE STATEMENT
Title Microsoft SharePoint 2010 developers compendium
260 ## - PUBLICATION, DISTRIBUTION, ETC. (IMPRINT)
Place of publication Olton Birmingham [England] :
Name of publisher Packt Pub.,
Year of publication 2012.
300 ## - PHYSICAL DESCRIPTION
Number of Pages v, 372 p. :
Other physical details ill. (some col.)
500 ## - GENERAL NOTE
General note Includes index.
650 #0 - SUBJECT ADDED ENTRY--TOPICAL TERM
Topical Term Microsoft software
700 1# - ADDED ENTRY--PERSONAL NAME
Personal name Jones, Carl.
856 40 - ELECTRONIC LOCATION AND ACCESS
Uniform Resource Identifier http://site.ebrary.com/lib/rucke/Doc?id=10537857

No items available.

© 2026 Rongo University
Contact us: librarian | system librarian | Rongo university